| 000 | 00559nam a2200181 i 4500 | ||
|---|---|---|---|
| 001 | 101158 | ||
| 003 | ES-MaACL | ||
| 005 | 20250829062541.0 | ||
| 007 | t| | ||
| 008 | 051013s1961 sp ||||1| spa d | ||
| 100 | 1 |
_aMaurois, André, _d1885-1967 _979267 |
|
| 245 | 1 | 0 |
_aUn arte de vivir / _cpor André Maurois, [seud.] de Emile Herzog; [versión castellana de Josita Hernán]. |
| 260 |
_aBarcelona : _bJ.G., _c1961. |
||
| 300 |
_a128 p. ; _c18 cm. |
||
| 700 | 1 |
_aHernán, Josefina. _962775 |
|
| 852 |
_aES-MaACL _jE-2434 _bR.47611 |
||
| 999 |
_c101158 _d101158 |
||